<?xml version="1.0" encoding="UTF-8"?>
<record
    xmlns:xsi="http://www.w3.org/2001/XMLSchema-instance"
    xsi:schemaLocation="http://www.loc.gov/MARC21/slim http://www.loc.gov/standards/marcxml/schema/MARC21slim.xsd"
    xmlns="http://www.loc.gov/MARC21/slim">

  <leader>02386njm0a2200445   4500</leader>
  <controlfield tag="001">RU\NLR\ONIZ\212855</controlfield>
  <controlfield tag="005">20260406141247.0</controlfield>
  <datafield tag="035" ind1=" " ind2=" ">
    <subfield code="a">(NLR Aleph) 010892348</subfield>
  </datafield>
  <datafield tag="071" ind1="0" ind2="0">
    <subfield code="a">&#x421;&#x41C; 04207-8</subfield>
  </datafield>
  <datafield tag="090" ind1=" " ind2=" ">
    <subfield code="a">13283288</subfield>
    <subfield code="c">13283288</subfield>
  </datafield>
  <datafield tag="100" ind1=" " ind2=" ">
    <subfield code="a">20151021d1982    |||y0rusy50      ca</subfield>
  </datafield>
  <datafield tag="102" ind1=" " ind2=" ">
    <subfield code="a">RU</subfield>
  </datafield>
  <datafield tag="126" ind1=" " ind2=" ">
    <subfield code="a">abuxexu      ux</subfield>
    <subfield code="b">xxx</subfield>
  </datafield>
  <datafield tag="127" ind1=" " ind2=" ">
    <subfield code="a">000048</subfield>
  </datafield>
  <datafield tag="135" ind1=" " ind2=" ">
    <subfield code="a">honoannnanndn</subfield>
  </datafield>
  <datafield tag="200" ind1="1" ind2=" ">
    <subfield code="a">&#x41A;&#x43E;&#x43D;&#x446;&#x435;&#x440;&#x442; &#x434;&#x43B;&#x44F; &#x441;&#x43A;&#x440;&#x438;&#x43F;&#x43A;&#x438; &#x441; &#x43E;&#x440;&#x43A;&#x435;&#x441;&#x442;&#x440;&#x43E;&#x43C;</subfield>
    <subfield code="b">&#x417;&#x432;&#x443;&#x43A;&#x43E;&#x437;&#x430;&#x43F;&#x438;&#x441;&#x44C;</subfield>
    <subfield code="e">&#x440;&#x435; &#x43C;&#x438;&#x43D;.</subfield>
    <subfield code="e">&#x441;&#x43E;&#x447;. 47</subfield>
    <subfield code="a">&#x41A;&#x43E;&#x43D;&#x446;&#x435;&#x440;&#x442; &#x2116; 2 &#x434;&#x43B;&#x44F; &#x441;&#x43A;&#x440;&#x438;&#x43F;&#x43A;&#x438; &#x441; &#x43E;&#x440;&#x43A;.</subfield>
    <subfield code="e">&#x441;&#x43E;&#x43B;&#x44C; &#x43C;&#x438;&#x43D;.</subfield>
    <subfield code="e">&#x441;&#x43E;&#x447;. 63.</subfield>
    <subfield code="f">&#x42F;. &#x421;&#x438;&#x431;&#x435;&#x43B;&#x438;&#x443;&#x441;</subfield>
    <subfield code="g">&#x438;&#x441;&#x43F;&#x43E;&#x43B;&#x43D;.: &#x41B;&#x43E;&#x43D;&#x434;&#x43E;&#x43D;&#x441;&#x43A;&#x438;&#x439; &#x441;&#x438;&#x43C;&#x444;&#x43E;&#x43D;&#x438;&#x447;&#x435;&#x441;&#x43A;&#x438;&#x439; &#x43E;&#x440;&#x43A;&#x435;&#x441;&#x442;&#x440;, &#x434;&#x438;&#x440;. &#x413;. &#x420;&#x43E;&#x436;&#x434;&#x435;&#x441;&#x442;&#x432;&#x435;&#x43D;&#x441;&#x43A;&#x438;&#x439;</subfield>
  </datafield>
  <datafield tag="210" ind1=" " ind2=" ">
    <subfield code="a">&#x41C;.</subfield>
    <subfield code="c">&#x41C;&#x435;&#x43B;&#x43E;&#x434;&#x438;&#x44F;</subfield>
    <subfield code="d">1982</subfield>
  </datafield>
  <datafield tag="215" ind1=" " ind2=" ">
    <subfield code="a">1 &#x433;&#x440;&#x43F;. (48 &#x43C;&#x438;&#x43D;): 33 &#x43E;&#x431;/&#x43C;&#x438;&#x43D;, &#x441;&#x442;&#x435;&#x440;&#x435;&#x43E;; 30 &#x441;&#x43C;. &#x432; &#x43A;&#x43E;&#x43D;&#x432;.</subfield>
    <subfield code="e">&#x43A;&#x43E;&#x43C;&#x43C;&#x435;&#x43D;&#x442;. &#x43D;&#x430; &#x43A;&#x43E;&#x43D;&#x432;.</subfield>
  </datafield>
  <datafield tag="606" ind1="1" ind2=" ">
    <subfield code="a">&#x41A;&#x43E;&#x43D;&#x446;&#x435;&#x440;&#x442;&#x44B; &#x434;&#x43B;&#x44F; &#x441;&#x43A;&#x440;&#x438;&#x43F;&#x43A;&#x438; &#x441; &#x43E;&#x440;&#x43A;&#x435;&#x441;&#x442;&#x440;&#x43E;&#x43C;</subfield>
    <subfield code="x">&#x417;&#x432;&#x443;&#x43A;&#x43E;&#x437;&#x430;&#x43F;&#x438;&#x441;&#x44C;</subfield>
    <subfield code="y">&#x424;&#x438;&#x43D;&#x43B;&#x44F;&#x43D;&#x434;&#x438;&#x44F;</subfield>
    <subfield code="z">19-20 &#x432;&#x432;.</subfield>
    <subfield code="2">nlr_sh</subfield>
  </datafield>
  <datafield tag="606" ind1="1" ind2=" ">
    <subfield code="x">&#x417;&#x432;&#x443;&#x43A;&#x43E;&#x437;&#x430;&#x43F;&#x438;&#x441;&#x44C;</subfield>
    <subfield code="a">&#x41A;&#x43E;&#x43D;&#x446;&#x435;&#x440;&#x442;&#x44B; &#x434;&#x43B;&#x44F; &#x441;&#x43A;&#x440;&#x438;&#x43F;&#x43A;&#x438; &#x441; &#x43E;&#x440;&#x43A;&#x435;&#x441;&#x442;&#x440;&#x43E;&#x43C;</subfield>
    <subfield code="y">&#x420;&#x43E;&#x441;&#x441;&#x438;&#x44F;</subfield>
    <subfield code="z">20 &#x432;&#x435;&#x43A;</subfield>
    <subfield code="2">nlr_sh</subfield>
  </datafield>
  <datafield tag="686" ind1=" " ind2=" ">
    <subfield code="a">&#x429;955.4-042&#x44F;43(4&#x424;&#x43D;)</subfield>
    <subfield code="v">LBC/SL</subfield>
    <subfield code="2">rubbk</subfield>
  </datafield>
  <datafield tag="700" ind1=" " ind2="1">
    <subfield code="9">z01790</subfield>
    <subfield code="a">&#x421;&#x438;&#x431;&#x435;&#x43B;&#x438;&#x443;&#x441;</subfield>
    <subfield code="b">&#x42F;.</subfield>
    <subfield code="f">1865-1957</subfield>
    <subfield code="g">&#x42F;&#x43D;</subfield>
    <subfield code="4">230</subfield>
    <subfield code="7">ca</subfield>
  </datafield>
  <datafield tag="702" ind1=" " ind2="1">
    <subfield code="4">070</subfield>
    <subfield code="8">rus</subfield>
    <subfield code="7">ca</subfield>
    <subfield code="a">&#x41F;&#x440;&#x43E;&#x43A;&#x43E;&#x444;&#x44C;&#x435;&#x432;</subfield>
    <subfield code="b">&#x421;. &#x421;.</subfield>
    <subfield code="c">&#x43A;&#x43E;&#x43C;&#x43F;&#x43E;&#x437;&#x438;&#x442;&#x43E;&#x440;</subfield>
    <subfield code="f">1891-1953</subfield>
    <subfield code="g">&#x421;&#x435;&#x440;&#x433;&#x435;&#x439; &#x421;&#x435;&#x440;&#x433;&#x435;&#x435;&#x432;&#x438;&#x447;</subfield>
    <subfield code="3">RU\NLR\AUTH\773397</subfield>
    <subfield code="9">113393</subfield>
  </datafield>
  <datafield tag="702" ind1=" " ind2="1">
    <subfield code="9">z08790</subfield>
    <subfield code="a">&#x420;&#x43E;&#x436;&#x434;&#x435;&#x441;&#x442;&#x432;&#x435;&#x43D;&#x441;&#x43A;&#x438;&#x439;</subfield>
    <subfield code="b">&#x413;. &#x41D;.</subfield>
    <subfield code="f">1931-2018</subfield>
    <subfield code="g">&#x413;&#x435;&#x43D;&#x43D;&#x430;&#x434;&#x438;&#x439; &#x41D;&#x438;&#x43A;&#x43E;&#x43B;&#x430;&#x435;&#x432;&#x438;&#x447;</subfield>
    <subfield code="4">250</subfield>
    <subfield code="7">ca</subfield>
  </datafield>
  <datafield tag="702" ind1=" " ind2="1">
    <subfield code="9">z09790</subfield>
    <subfield code="a">&#x428;&#x435;&#x440;&#x438;&#x43D;&#x433;</subfield>
    <subfield code="b">&#x413;.</subfield>
    <subfield code="c">&#x441;&#x43A;&#x440;&#x438;&#x43F;&#x43A;&#x430;</subfield>
    <subfield code="f">1918-1988</subfield>
    <subfield code="g">&#x413;&#x435;&#x43D;&#x440;&#x438;&#x43A;</subfield>
    <subfield code="4">590</subfield>
    <subfield code="4">svl</subfield>
    <subfield code="7">ca</subfield>
  </datafield>
  <datafield tag="712" ind1="0" ind2="2">
    <subfield code="a">&#x41B;&#x43E;&#x43D;&#x434;&#x43E;&#x43D;&#x441;&#x43A;&#x438;&#x439; &#x441;&#x438;&#x43C;&#x444;&#x43E;&#x43D;&#x438;&#x447;&#x435;&#x441;&#x43A;&#x438;&#x439; &#x43E;&#x440;&#x43A;&#x435;&#x441;&#x442;&#x440;</subfield>
    <subfield code="4">590</subfield>
    <subfield code="7">ca</subfield>
  </datafield>
  <datafield tag="790" ind1=" " ind2="1">
    <subfield code="9">z01700</subfield>
    <subfield code="a">Sibelius</subfield>
    <subfield code="b">J.</subfield>
    <subfield code="f">1865-1957</subfield>
    <subfield code="g">Jean</subfield>
    <subfield code="4">230</subfield>
    <subfield code="7">ba</subfield>
  </datafield>
  <datafield tag="790" ind1=" " ind2="1">
    <subfield code="4">230</subfield>
    <subfield code="7">ba</subfield>
    <subfield code="8">rus</subfield>
    <subfield code="a">Prokof'ev</subfield>
    <subfield code="b">S. S.</subfield>
    <subfield code="c">&#x43A;&#x43E;&#x43C;&#x43F;&#x43E;&#x437;&#x438;&#x442;&#x43E;&#x440;</subfield>
    <subfield code="f">1891-1953</subfield>
    <subfield code="g">Sergej Sergeevi&#x10D;</subfield>
    <subfield code="9">241900</subfield>
    <subfield code="3">RU\NLR\AUTH\770241956</subfield>
  </datafield>
  <datafield tag="790" ind1=" " ind2="1">
    <subfield code="9">z08702</subfield>
    <subfield code="a">Rozhdestvenskij</subfield>
    <subfield code="b">G. N.</subfield>
    <subfield code="f">1931-2018</subfield>
    <subfield code="g">Gennadij Nikolaevich</subfield>
    <subfield code="4">250</subfield>
    <subfield code="7">ba</subfield>
  </datafield>
  <datafield tag="790" ind1=" " ind2="1">
    <subfield code="9">z09702</subfield>
    <subfield code="a">Szeryng</subfield>
    <subfield code="b">H.</subfield>
    <subfield code="f">1918-1988</subfield>
    <subfield code="g">Henryk</subfield>
    <subfield code="4">590</subfield>
    <subfield code="4">svl</subfield>
    <subfield code="7">ba</subfield>
  </datafield>
  <datafield tag="801" ind1=" " ind2="0">
    <subfield code="a">RU</subfield>
    <subfield code="b">AZ</subfield>
    <subfield code="c">20151021</subfield>
    <subfield code="g">PSBO</subfield>
  </datafield>
  <datafield tag="801" ind1=" " ind2="1">
    <subfield code="a">RU</subfield>
    <subfield code="b">AZ</subfield>
    <subfield code="c">20151021</subfield>
    <subfield code="2">rusmarc</subfield>
  </datafield>
  <datafield tag="801" ind1=" " ind2="2">
    <subfield code="a">RU</subfield>
    <subfield code="b">AZ</subfield>
    <subfield code="c">20151105</subfield>
  </datafield>
  <datafield tag="852" ind1=" " ind2=" ">
    <subfield code="a">NLR</subfield>
    <subfield code="b">&#x41C;&#x433;</subfield>
    <subfield code="j">3/8161</subfield>
    <subfield code="p">38232</subfield>
    <subfield code="t">1</subfield>
  </datafield>
  <datafield tag="852" ind1=" " ind2=" ">
    <subfield code="a">NLR</subfield>
    <subfield code="b">&#x41C;&#x433;</subfield>
    <subfield code="j">3/1910</subfield>
    <subfield code="p">10294</subfield>
    <subfield code="t">2</subfield>
  </datafield>
  <datafield tag="942" ind1=" " ind2=" ">
    <subfield code="c">REC</subfield>
  </datafield>
  <datafield tag="980" ind1=" " ind2=" ">
    <subfield code="a">NB</subfield>
  </datafield>
  <datafield tag="980" ind1=" " ind2=" ">
    <subfield code="a">ONIZ</subfield>
  </datafield>
  <datafield tag="995" ind1=" " ind2=" ">
    <subfield code="5">2015-10-21</subfield>
    <subfield code="b">NLR01</subfield>
    <subfield code="c">NLR01</subfield>
    <subfield code="e">ONIZ</subfield>
    <subfield code="k">3/8161 3/8161</subfield>
    <subfield code="o">0</subfield>
    <subfield code="r">REC</subfield>
    <subfield code="s">38161_38161</subfield>
  </datafield>
  <datafield tag="995" ind1=" " ind2=" ">
    <subfield code="5">2015-10-21</subfield>
    <subfield code="b">NLR01</subfield>
    <subfield code="c">NLR01</subfield>
    <subfield code="e">ONIZ</subfield>
    <subfield code="k">3/1910 3/1910</subfield>
    <subfield code="o">0</subfield>
    <subfield code="r">REC</subfield>
    <subfield code="s">31910_31910</subfield>
  </datafield>
</record>
